000 01064nam a2200277Ia 4500
003 OSt
005 20200831201949.0
008 191128s2012 ck fr 001 0 spa d
020 _a9789583506512
040 _aCO-JMCR
_cCO-JMCR
041 0 _aspa
082 0 4 _a351.009861 /
_bH275a
_223
100 1 _aHenao Hidrón, Javier,
_eautor
_98170
245 1 0 _aAdministración pública económica /
_cJavier Henao Hidrón
250 _aCuarta edición
260 _aBogotá :
_bTemis,
_c2012
300 _a583 páginas ;
_c27 cm.
500 _aIncluye índice de materias.
504 _aBibliografía: páginas 575-576
505 0 _aEstructura del Estado colombiano e intervención en la economía -- Estructura de la administración pública -- Superintendencias -- Unidades administrativas especiales -- Ministerio de Hacienda y Crédito Público
650 1 4 _aAdministración pública
_99503
650 1 4 _aHacienda pública
_99504
650 1 4 _aPlanificación económica
_zColombia
_99505
650 1 4 _aPolítica pública
_zColombia
_99506
942 _2ddc
_cBK
999 _c5925
_d5925